1147 1816 1581 1176 1909 1063 1187 1343 1030 1939 1559 1321 1700 1596 1630 1886 1163 1732 1266 1207 1684 1366 1986 1331 1679 1272 1879 1942 1384 1286 1615 1792 1873 1521 1431 1314 2000 1985 1390 1001 1586 1306 1867 1041 1787 1265 1498 1178 1580 1510 1427 1125 1504 1412 1426 1963 1687 1476 1517 1805 1845 1704 1127 1714 1582 1718 1047 1436 1953 1446 1260 1391 1677 1500 1384 1497 1375 1571 1083 1209 1508 1674 1771 1107 1958 1102 1961 1164 1360 1832 1971 1973 1531 1849 1828 1280 1987 1892 1064 BCNSPRNW ULIB Ver.6.0+V

เปลี่ยนเป็นภาษาไทย

Change to English
 แสดงรายละเอียดบรรณานุกรม
  กลับหน้าหลัก

Brief Record : Get Marc (ISO 2709) : E-mail record : QR code < ปิดหน้าต่าง
LEADER : 00000nam 2200000uu 4500
001    13399129059
003     ULIB
008    020711s2566 th a 000 0 tha d
020    ^a9786166033540
060    ^aWG140^bอ114T
100    ^aองค์การ เรืองรัตนอัมพร และคณะ
245  4 ^aTHE REVIEW BOOK OF PRACTICAL ECG/^cองค์การ เรืองรัตนอัมพร
250    ^aพิมพ์ครั้งที่ 5
260    ^aกรุงเทพฯ :^bบริษัทคลาสิคสแกน จำกัด,^c2566
300    ^a128 หน้า
650    ^aPRACTICAL ECG
945    ^p350^l0^i011734
945    ^p350^l0^i011735
945    ^p350^l0^i011736
945    ^p350^l0^i011737
945    ^p350^l0^i011738
945    ^p350^l0^i011739
945    ^p350^l0^i011740
945    ^p350^l0^i011741
945    ^p350^l0^i011742
945    ^p350^l0^i011743
999    ^aประนอม เกษจรัล
รายการนี้ยังไม่มีแท็ก
คุณยังไม่ได้ล็อกอิน คุณสามารถมีกิจกรรมร่วมกับเว็บไซต์ได้ แต่ต้องล็อกอินก่อน ::
  ล็อกอิน

รายการสื่อสารสนเทศ

ลำดับที่ ประเภท เลขเรียก/บาร์โค้ด สถานที่ สถานะ
1. วิทยาศาสตร์การแพทย์ และสุขภาพ
หนังสือสำรอง
สถานะ=หนังสือสำรอง
WG140 อ114T ฉ.1 
  Barcode: 011734
ห้องสมุดวิทยาเขตสวรรค์ประชารักษ์
►หนังสือทั่วไป
บนชั้น
2. วิทยาศาสตร์การแพทย์ และสุขภาพ
วิทยาศาสตร์การแพทย์ และสุขภาพ
WG140 อ114T ฉ.10 
  Barcode: 011743
ห้องสมุดวิทยาเขตสวรรค์ประชารักษ์
►หนังสือทั่วไป
บนชั้น
3. วิทยาศาสตร์การแพทย์ และสุขภาพ
วิทยาศาสตร์การแพทย์ และสุขภาพ
WG140 อ114T ฉ.2 
  Barcode: 011735
ห้องสมุดวิทยาเขตสวรรค์ประชารักษ์
►หนังสือทั่วไป
บนชั้น
4. วิทยาศาสตร์การแพทย์ และสุขภาพ
วิทยาศาสตร์การแพทย์ และสุขภาพ
WG140 อ114T ฉ.3 
  Barcode: 011736
ห้องสมุดวิทยาเขตสวรรค์ประชารักษ์
►หนังสือทั่วไป
บนชั้น
5. วิทยาศาสตร์การแพทย์ และสุขภาพ
วิทยาศาสตร์การแพทย์ และสุขภาพ
WG140 อ114T ฉ.4 
  Barcode: 011737
ห้องสมุดวิทยาเขตสวรรค์ประชารักษ์
►หนังสือทั่วไป
บนชั้น
6. วิทยาศาสตร์การแพทย์ และสุขภาพ
วิทยาศาสตร์การแพทย์ และสุขภาพ
WG140 อ114T ฉ.5 
  Barcode: 011738
ห้องสมุดวิทยาเขตสวรรค์ประชารักษ์
►หนังสือทั่วไป
บนชั้น
7. วิทยาศาสตร์การแพทย์ และสุขภาพ
วิทยาศาสตร์การแพทย์ และสุขภาพ
WG140 อ114T ฉ.6 
  Barcode: 011739
ห้องสมุดวิทยาเขตสวรรค์ประชารักษ์
►หนังสือทั่วไป
บนชั้น
8. วิทยาศาสตร์การแพทย์ และสุขภาพ
วิทยาศาสตร์การแพทย์ และสุขภาพ
WG140 อ114T ฉ.7 
  Barcode: 011740
ห้องสมุดวิทยาเขตสวรรค์ประชารักษ์
►หนังสือทั่วไป
บนชั้น
9. วิทยาศาสตร์การแพทย์ และสุขภาพ
วิทยาศาสตร์การแพทย์ และสุขภาพ
WG140 อ114T ฉ.8 
  Barcode: 011741
ห้องสมุดวิทยาเขตสวรรค์ประชารักษ์
►หนังสือทั่วไป
บนชั้น
10. วิทยาศาสตร์การแพทย์ และสุขภาพ
วิทยาศาสตร์การแพทย์ และสุขภาพ
WG140 อ114T ฉ.9 
  Barcode: 011742
ห้องสมุดวิทยาเขตสวรรค์ประชารักษ์
►หนังสือทั่วไป
บนชั้น

BibComment


ยังไม่เคยถูกคอมเมนท์

คอมเมนท์ทรัพยากรรายการนี้
  คอมเมนท์: THE REVIEW BOOK ..


 Copyright 2026. Bcnsprnw @Library